00799nam a22002417a 450000500170000001000110001702000100002803500110003803700160004904000120006508200160007710000290009324500840012226000380020627000380024430000200028250000340030265000210033665000330035794200250039099900190041595201230043420170124110022.0 a114981 c20.00 a114981 bCen Lib/Ret aDPLbEN a336.26bPRE aPrem, Daulat Ram 919951 aLaw of municipal taxation, octroi and terminal tax, 1957 /cby Daulat Ram Prem  aNew DelhibArora Law House c1955 aajmerigate extentions bNew Delhi a236p.c21cm(Hb) aincludes appendix and index  aTaxation 919952 aMuncipal corporation 919953 2ddccENh336.26mPRE c127263d127263 00104070aLbLd2015-06-29eCen Lib/Retg20.00l0o336.26 PREp114981r2015-06-29 00:00:00t1v20.00w2015-06-29yEN